| 000 | 01738nam a2200505 i 4500 | ||
|---|---|---|---|
| 001 | 56468 | ||
| 003 | KOSZ 005 | ||
| 005 | 20210407082017.0 | ||
| 008 | 090407s2006 pl a f f |001 0 pol | ||
| 015 | _aPB 2952/2007 | ||
| 020 | _a8301149574 | ||
| 020 | _a9788301149574 | ||
| 040 |
_cWA N _aWA N _dKOSZ 005/HR |
||
| 046 | _k2006 | ||
| 080 | _a336.76 | ||
| 080 | _a336.78 | ||
| 080 | _a(07) | ||
| 100 | 1 |
_aJajuga, Krzysztof _d(1956- ) _eAutor |
|
| 245 | 1 | 0 |
_aInwestycje : _binstrumenty finansowe, aktywa niefinansowe, ryzyko finansowe, inżynieria finansowa / _cKrzysztof Jajuga, Teresa Jajuga. |
| 250 | _aWyd. 3 zm. | ||
| 260 |
_aWarszawa : _bWydawnictwo Naukowe PWN, _c2006. |
||
| 300 |
_a410, [2] s. : _bil. ; _c24 cm. |
||
| 336 |
_2rdacontent _aTekst _btxt |
||
| 337 |
_2rdamedia _aBez urządzenia pośredniczącego _bn |
||
| 338 |
_2rdacarrier _aWolumin _bnc |
||
| 380 | _aKsiążki | ||
| 380 | _aPublikacje fachowe | ||
| 388 | _a2001- | ||
| 490 | 1 | _aFFF. Inwestycje | |
| 504 | _aBibliogr. przy rozdz. Indeks. | ||
| 530 | _aDostępny także w formie elektronicznej. | ||
| 650 | 4 | _aInstrumenty finansowe | |
| 650 | 4 | _aPapiery wartościowe | |
| 650 | 4 | _aInwestycje | |
| 650 | 4 | _aRynek kapitałowy | |
| 655 | 4 | _aPodręcznik | |
| 658 | _aGospodarka, ekonomia, finanse | ||
| 650 | 4 | _aRyzyko inwestycyjne | |
| 700 | 1 |
_aJajuga, Teresa _d(1954- ) _eAutor |
|
| 710 | 2 |
_aWydawnictwo Naukowe PWN _4pbl. |
|
| 856 |
_uhttp://koha.tu.koszalin.pl/cgi-bin/koha/opac-detail.pl?biblionumber=56468 _yKatalog online BPK |
||
| 856 |
_uhttp://libra.ibuk.pl/book/347 _yIBUK |
||
| 830 | 0 |
_aFFF - Wydawnictwo Naukowe PWN. _pInwestycje |
|
| 942 |
_cKS _2UKD |
||
| 999 |
_c56468 _d56468 |
||